Normal view MARC view
  • DHIVAR, MRS MAUSMI HIREN AND PANDYA, DR, VIKRAM M

Entry Personal Name

Number of records used in: 1

001 - CONTROL NUMBER

  • control field: 8734

003 - CONTROL NUMBER IDENTIFIER

  • control field: JRU

005 - DATE AND TIME OF LATEST TRANSACTION

  • control field: 20251117174735.0

008 - FIXED-LENGTH DATA ELEMENTS

  • fixed length control field: 251117|| aca||aabn | a|a d

040 ## - CATALOGING SOURCE

  • Original cataloging agency: JRU
  • Transcribing agency: JRU

100 ## - HEADING--PERSONAL NAME

  • Personal name: DHIVAR, MRS MAUSMI HIREN AND PANDYA, DR, VIKRAM M

670 ## - SOURCE DATA FOUND

  • Source citation: Work cat.: (JRU)8906: DHIVAR, MRS MAUSMI HIREN AND PANDYA, DR, VIKRAM M., A PRACTICAL BOOK OF BIOCHEMISTRY FOR PHARMACY, 2025